| LDR | 00000cam k2200205 c 4500 | |
|---|---|---|
| 001 | 000000115848 | |
| 005 | 20140507122108 | |
| 007 | ta | |
| 008 | 060712s2006 a 000 kor | |
| 020 | ▼a 8958531436 ▼g 93330: ▼c \19000 | |
| 040 | ▼a 248032 ▼c 248032 ▼d 248032 | |
| 049 | 1 | ▼l EM00082077 ▼l EM86492 ▼c 2 |
| 056 | ▼a 338.1 ▼2 4 | |
| 090 | ▼a 338.1 ▼b 정36ㅅ | |
| 100 | 1 | ▼a 정무성 |
| 245 | 20 | ▼a 사회복지 프로그램 개발론 / ▼d 정무성 지음. |
| 250 | ▼a 1판. | |
| 260 | ▼a 서울 : ▼b 학현사, ▼c 2006. | |
| 300 | ▼a 478p: ▼b 삽도 ; ▼c 26cm. | |
| 500 | ▼a 권말부록으로 '사회복지공동모금회'등 수록 | |
| 504 | ▼a 색인(p.473-478)수록 | |
| 653 | ▼a 사회복지 프로그램 ▼a 복지프로그램 ▼a 개발론 | |
| 950 | 0 | ▼b ₩19000 |
| 990 | ▼b 관리자2 |